| 000 | 00738cam a2200193 a 4500 | ||
|---|---|---|---|
| 020 | _a0412074818 (pbk. : alk. paper) | ||
| 082 | 0 | 0 |
_a388.068 _bSCH |
| 100 | 1 |
_aSchoon, John G. _924197 |
|
| 245 | 1 | 0 |
_aTransportation systems and service policy : _ba project-based introduction / _cby John G. Schoon. |
| 260 |
_aNew York : _bChapman & Hall, _c1996. |
||
| 300 |
_axi, 198 p. : _bill., maps ; _c23 cm. |
||
| 526 |
_a0 _b0 _c0 _d388_068000000000000_SCH |
||
| 650 | 0 |
_aMCE _9379 |
|
| 650 | 0 |
_aTransportation engineering. _9854 |
|
| 650 | 0 |
_aTransportation _xPlanning. _919652 |
|
| 856 | 4 | 1 | _uhttp://www.loc.gov/catdir/enhancements/fy0821/95048465-t.html |
| 856 | 4 | 2 | _uhttp://www.loc.gov/catdir/enhancements/fy0821/95048465-d.html |
| 942 |
_2ddc _cBK |
||
| 999 |
_c549919 _d549919 |
||